Guess the soccer players Part 2 - Statistics

General Stats
  • This quiz has been taken 143 times
  • The average score is 10 of 12
Answer Stats
Picture Answer % Correct
Bale
100%
Son
97%
Pogba
95%
Buffon
93%
Hazard
93%
Silva
84%
Dybala
83%
Firmino
79%
Rice
79%
Alaba
69%
Sule
64%
Szczesny
55%
No matching quizzes found
Score Distribution
Percent of People with Each Score
Percentile by Number Answered
Your Score History
You have not taken this quiz